US States with the Most Executions - Statistics

General Stats
  • This quiz has been taken 26,414 times
  • The average score is 8 of 10
Answer Stats
# State % Correct
542 Texas
100%
92 Florida
91%
60 Alabama
87%
70 Georgia
83%
43 South Carolina
80%
43 North Carolina
79%
112 Oklahoma
73%
113 Virginia
72%
88 Missouri
65%
54 Ohio
65%
No matching quizzes found
Score Distribution
Percent of People with Each Score
Percentile by Number Answered
Your Score History
You have not taken this quiz